| 000 | 00760nam a2200205 a 4500 | ||
|---|---|---|---|
| 001 | 000033899 | ||
| 005 | 20240306073910.0 | ||
| 008 | 110914s2010 dr 000 0 spa d | ||
| 020 | _a9789592710818 | ||
| 040 |
_aDO-SdBNP _bspa _cBNPHU |
||
| 100 | 1 |
_aMartí, José, _d1853-1895 _9645 |
|
| 245 | 1 | 0 |
_aJosé Martí y el equilibrio del mundo / _cEstudio introductorio Armando Hart Dávalos ; Selección y notas Centro de Estudios Martianos. |
| 250 | _a3a ed. | ||
| 260 |
_aSanto Domingo : _bComisión Permanente de Efemérides Patrias, _c2010. |
||
| 300 |
_a275 p. ; _c23 cm. |
||
| 500 | _aIncluye referencias bibliográficas y notas al pie de las páginas | ||
| 700 | 1 |
_aHart Dávalos, Armando _950241 |
|
| 700 | 1 |
_aMartianos, Estudios _959339 |
|
| 049 | _aBNPD | ||
| 999 |
_c33390 _d33390 |
||